America, Russia, and the cold war, 1945-2000
محفوظ في:
| المؤلف الرئيسي: | |
|---|---|
| التنسيق: | كتاب |
| منشور في: |
McGraw-Hill
2002
|
| الوسوم: |
إضافة وسم
لا توجد وسوم, كن أول من يضع وسما على هذه التسجيلة!
|
| Thư viện lưu trữ: | Mạng thư viện Đại học Đà Nẵng |
|---|
| LEADER | 00555nam a2200229 a 4500 | ||
|---|---|---|---|
| 001 | 000029210 | ||
| 003 | 17528 | ||
| 005 | 20171030145630.0 | ||
| 008 | 171030s2002 | ||
| 040 | |a LTT | ||
| 082 | 0 | |a 327.73 |b LA-W | |
| 100 | 1 | |a LaFeber, Walter | |
| 245 | 0 | 0 | |a America, Russia, and the cold war, 1945-2000 |c Walter LaFeber. |
| 260 | |b McGraw-Hill |c 2002 | ||
| 500 | |a ASIA | ||
| OWN | |a LTT | ||
| 999 | |a From the UDN01 | ||
| TYP | |a Monograph | ||
| TYP | |a Printed language | ||
| 980 | |a Mạng thư viện Đại học Đà Nẵng | ||